<?xml version="1.0" encoding="UTF-8"?>
<collection xmlns="http://www.loc.gov/MARC21/slim">
 <record>
  <leader>     na                 </leader>
  <controlfield tag="001">INLIS000000000008381</controlfield>
  <controlfield tag="005">20260526111536</controlfield>
  <datafield tag="035" ind1=" " ind2=" ">
   <subfield code="a">0010-0922000870</subfield>
  </datafield>
  <controlfield tag="007">ta</controlfield>
  <datafield tag="040" ind1=" " ind2=" ">
   <subfield code="a">SBPUPAD</subfield>
   <subfield code="b">ind</subfield>
  </datafield>
  <datafield tag="100" ind1="0" ind2=" ">
   <subfield code="a">Reid Bramblett</subfield>
   <subfield code="e">Pengarang</subfield>
  </datafield>
  <datafield tag="245" ind1="1" ind2=" ">
   <subfield code="a">Eyewitness Travel Top 10 :</subfield>
   <subfield code="b">Roma /</subfield>
   <subfield code="c">Reid Bramblett ;Pengarang-2,Jeffrey Kennedy ;Editor,Roy P Sitepu,Michael Tobing,Hadiyansyah,Raymond ;Penerjemah,Aria Perbancana Hidayat,Rara Tanjung Hidayat</subfield>
  </datafield>
  <datafield tag="250" ind1=" " ind2=" ">
   <subfield code="a">.-Cet.1</subfield>
  </datafield>
  <datafield tag="300" ind1=" " ind2=" ">
   <subfield code="a">192 hlm :</subfield>
   <subfield code="b">ilus ;</subfield>
   <subfield code="c">10 x 19 cm</subfield>
  </datafield>
  <datafield tag="020" ind1=" " ind2=" ">
   <subfield code="a">978-979-075-051-7</subfield>
  </datafield>
  <datafield tag="041" ind1="0" ind2="7">
   <subfield code="a">Ind</subfield>
  </datafield>
  <datafield tag="082" ind1=" " ind2=" ">
   <subfield code="a">910.345</subfield>
  </datafield>
  <datafield tag="084" ind1=" " ind2=" ">
   <subfield code="a">910.345 BRA t</subfield>
  </datafield>
  <datafield tag="090" ind1=" " ind2=" ">
   <subfield code="a">636.08 RYA m L19-8</subfield>
  </datafield>
  <datafield tag="264" ind1=" " ind2=" ">
   <subfield code="a">.--Jakarta :</subfield>
   <subfield code="b">Erlangga,</subfield>
   <subfield code="c">2009</subfield>
  </datafield>
  <datafield tag="336" ind1=" " ind2=" ">
   <subfield code="2">rdacontent</subfield>
   <subfield code="a">teks</subfield>
  </datafield>
  <datafield tag="337" ind1=" " ind2=" ">
   <subfield code="2">rdamedia</subfield>
   <subfield code="a">tanpa perantara</subfield>
  </datafield>
  <datafield tag="338" ind1=" " ind2=" ">
   <subfield code="2">rdacarrier</subfield>
   <subfield code="a">volume</subfield>
  </datafield>
  <datafield tag="650" ind1=" " ind2="4">
   <subfield code="a">Pariwisata</subfield>
  </datafield>
  <datafield tag="700" ind1=" " ind2=" ">
   <subfield code="a">Pengarang-2,Jeffrey Kennedy</subfield>
   <subfield code="e">Pengarang</subfield>
  </datafield>
  <datafield tag="700" ind1=" " ind2=" ">
   <subfield code="a">;Editor,Roy P Sitepu,</subfield>
   <subfield code="e">Pengarang</subfield>
  </datafield>
  <datafield tag="700" ind1=" " ind2=" ">
   <subfield code="a">Editor-2,Michael Tobing</subfield>
   <subfield code="e">Pengarang</subfield>
  </datafield>
  <datafield tag="700" ind1=" " ind2=" ">
   <subfield code="a">Editor-3,Hadiyansyah</subfield>
   <subfield code="e">Pengarang</subfield>
  </datafield>
  <datafield tag="700" ind1=" " ind2=" ">
   <subfield code="a">Editor-4,Raymond</subfield>
   <subfield code="e">Pengarang</subfield>
  </datafield>
  <datafield tag="700" ind1=" " ind2=" ">
   <subfield code="a">Penerjemah,Aria Perbancana Hidayat,</subfield>
   <subfield code="e">Pengarang</subfield>
  </datafield>
  <datafield tag="700" ind1=" " ind2=" ">
   <subfield code="a">Penerjemah-2,Rara Tanjung Hidayat</subfield>
   <subfield code="e">Pengarang</subfield>
  </datafield>
  <datafield tag="850" ind1=" " ind2=" ">
   <subfield code="a">PUPAD</subfield>
  </datafield>
  <controlfield tag="008">260526                           0      </controlfield>
  <datafield tag="500" ind1=" " ind2=" ">
   <subfield code="a">Indeks,178-192 ;Tentang Penulis,hlm 188-189</subfield>
  </datafield>
  <datafield tag="990" ind1=" " ind2=" ">
   <subfield code="a">17233/BR/KAPD/2012</subfield>
  </datafield>
  <datafield tag="990" ind1=" " ind2=" ">
   <subfield code="a">17234/BR/KAPD/2012</subfield>
  </datafield>
  <datafield tag="990" ind1=" " ind2=" ">
   <subfield code="a">17236/BR/KAPD/2012</subfield>
  </datafield>
  <datafield tag="990" ind1=" " ind2=" ">
   <subfield code="a">17235/BR/KAPD/2012</subfield>
  </datafield>
 </record>
</collection>
